Language Quiz

Random Language or Spanish Quiz
Score 0/138 Timer 10:00
0 Plays Today
Hint Answer % Correct
Estar ( Vosotros )Estuvisteis
60%
Ser ( Yo )Era
40%
Ser ( Tú )Eras
40%
Ser ( Él )Era
40%
Ser ( Ellos )Eran
40%
Estar ( I )Estaba
40%
Estar ( Tú )Estabas
40%
Estar ( Él )Estaba
40%
Estar ( Vosotros )Estabais
40%
Estar ( I )Estuve
40%
Estar ( Tú )Estuviste
40%
Estar ( Nosotros )Estuvimos
40%
Estar ( Ellos )Estuvieron
40%
Ser ( Nosotros )Éramos
20%
Ser ( Vosotros )Erais
20%
Ir ( I )Iba
20%
Comer ( I )Comía
20%
Comer ( Ellos )Comían
20%
Ser ( I )Fui
20%
Estar ( Ellos )Estaban
20%
Ir ( Tú )Ibas
20%
Ir ( Él )Iba
20%
Ir ( Ellos )Iban
20%
Comer ( Tú )Comías
20%
Comer ( Él )Comía
20%
Comer ( Nosotros )Comíamos
20%
Ser ( Tú )Fuiste
20%
Ser ( Él )Fue
20%
Ser ( Nosotros )Fuimos
20%
Ser ( Ellos )Fueron
20%
Ser ( Vosotros )Fuisteis
20%
Ser ( Yo )Seré
20%
Ser ( Yo )Sería
20%
Ser ( Tú )Serás
20%
Ser ( Tú )Serías
20%
Ser ( Él )Será
20%
Ser ( Él )Sería
20%
Ser ( Nosotros )
20%
Ser ( Nosotros )Seríamos
20%
Ser ( Vosotros )Seréis
20%
Ser ( Vosotros )Seríais
20%
Ser ( Ellos )Serán
20%
Estar ( I )Estaría
20%
Ser ( Ellos )Serían
20%
Estar ( I )Estaré
20%
Estar ( Tú )Estarás
20%
Hint Answer % Correct
Estar ( Tú )Estarías
20%
Estar ( Él )Estuvo
20%
Estar ( Él )Estará
20%
Estar ( Él )Estaría
20%
Estar ( Nosotros )Estaremos
20%
Estar ( Nosotros )Estaríamos
20%
Estar ( Vosotros )Estaréis
20%
Estar ( Vosotros )Estaríais
20%
Ir ( I )Fui
20%
Estar ( Ellos )Estarían
20%
Ir ( I )Iré
20%
Ir ( I )Iría
20%
Ir ( Él )Fue
20%
Ir ( Tú )Fuiste
20%
Ir ( Tú )Irías
20%
Ir ( Él )Irá
20%
Ir ( Él )Iría
20%
Ir ( Nosotros )Fuimos
20%
Ir ( Nosotros )Iremos
20%
Ir ( Nosotros )Iríamos
20%
Ir ( Vosotros )Fuisteis
20%
Ir ( Vosotros )Iréis
20%
Ir ( Vosotros )Iríais
20%
Ir ( Ellos )Fueron
20%
Ir ( Ellos )Irán
20%
Ir ( Ellos )Irían
20%
Comer ( I )Comí
20%
Comer ( I )Comeré
20%
Comer ( Tú )Comiste
20%
Comer ( Tú )Comerás
20%
Comer ( Tú )Comerías
20%
Comer ( Él )Comió
20%
Comer ( Él )Comerá
20%
Comer ( Él )Comería
20%
Comer ( Nosotros )Comimos
20%
Comer ( Nosotros )Comeremos
20%
Comer ( Nosotros )Comeríamos
20%
Comer ( Vosotros )Comisteis
20%
Comer ( Vosotros )Comeréis
20%
Comer ( Vosotros )Comeríais
20%
Poder ( I )Pude
20%
Comer ( Ellos )Comerán
20%
Comer ( Ellos )Comerían
20%
Poder ( Tú )Pudiste
20%
Poder ( Tú )Podrás
20%
Poder ( Tú )Podrías
20%
Hint Answer % Correct
Poder ( Él )Pudo
20%
Poder ( Él )Podrá
20%
Poder ( Él )Podría
20%
Poder ( Nosotros )Pudimos
20%
Poder ( Nosotros )Podríamos
20%
Poder ( Vosotros )Pudisteis
20%
Poder ( Ellos )Podrán
20%
Poder ( Ellos )Podrían
20%
Hacer ( Nosotros )Haremos
20%
Hacer ( Vosotros )Haréis
20%
Hacer ( Ellos )Harán
20%
Hacer ( Él )Hará
20%
Hacer ( Yo )Haré
20%
Hacer ( Tú )Hiciste
20%
Hacer ( Nosotros )Hicimos
20%
Hacer ( Ellos )Hicieron
20%
Hacer ( Yo )Haría
20%
Hacer ( Tú )Harías
20%
Hacer ( Él )Haría
20%
Hacer ( Nosotros )Haríamos
20%
Hacer ( Vosotros )Haríais
20%
Hacer ( Ellos )Harían
20%
Estar ( Nosotros )Estábamos
0%
Poder ( I )Podía
0%
Ir ( Nosotros )Íbamos
0%
Ir ( Vosotros )Ibais
0%
Comer ( Vosotros )Comíais
0%
Poder ( Tú )Podías
0%
Poder ( Él )Podía
0%
Poder ( Nosotros )Podíamos
0%
Poder ( Vosotros )Podíais
0%
Poder ( Ellos )Podían
0%
Estar ( Ellos )Estarán
0%
Ir ( Tú )Irás
0%
Comer ( I )Comeríá
0%
Comer ( Ellos )Comieron
0%
Poder ( I )Podré
0%
Poder ( I )Podríá
0%
Poder ( Nosotros )Podremos
0%
Poder ( Vosotros )Podréis
0%
Poder ( Vosotros )Podríais
0%
Poder ( Ellos )Pudieron
0%
Hacer ( Tú )Harás
0%
Hacer ( Yo )Hice
0%
Hacer ( Él )Hizo
0%
Hacer ( Vosotros )Hicisteis
0%
Remove Ads.
Support Sporcle.
Get the best of Sporcle when you Go Orange. This ad-free experience offers more features, more stats, and more fun while also helping to support Sporcle. Thank you for becoming a member.

You're not logged in!

Compare scores with friends on all Sporcle quizzes.
OR
Log In

Show Comments

Extras

Top Quizzes Today


Score Distribution

Your Account Isn't Verified!

In order to create a playlist on Sporcle, you need to verify the email address you used during registration. Go to your Sporcle Settings to finish the process.

Report this User

Report this user for behavior that violates our Community Guidelines.

Details: